LEADER 01448nam a2200301 u 4500 001 000000037025 003 CaOOAMICUS 005 20070226113723.0 008 980401s1941 it u000 u ita u 035 $a10788539 040 $aPUL(R)$bita 100 1 $aCiprotti, Pio,$d1914-1993.$0(OLS)http://pul/name/1280 245 10$aContributo alla teoria della canonizzazione delle leggi civili /$cPio Ciprotti. 260 $aRoma :$bed. universitarie,$c1941. 300 $a97 p. ;$c24 cm 490 1 $aMonografie dell'Istituto di diritto pubblico della Facoltą di Giurisprudenza (Universitą degli studi di Roma) ;$v4 500 $aContiene indici. 504 $aBibliografia in nota. 650 4$aDiritto canonico.$0(OLS)http://pul/subject/1294 650 4$aCanonizzazione.$0(OLS)http://pul/subject/617 830 0$aMonografie dell'Istituto di diritto pubblico della Facoltą di Giurisprudenza (Universitą degli studi di Roma) ;$v4.$0(OLS)http://pul/title/36069 850 $aPUL 852 $aPUL$W1$xSL Diritto Canonico 3$y77$m262. 99 CAN.1 88$j50668$nBK-PRI$bDDC 21$q $B50668$CPULBib$Z2$F50668 $H8869 e in fine 84201 $81 941 1 $a9 960 $aBeatificazione e canonizzazione$9617 960 $aBeatificazione e canonizzazione$9617 996 $6245$aContributo alla teoria della canonizzazione delle leggi civili$9(OLS)http://pul/title/50474 996 $6260$aRoma :$bed. universitarie$9(OLS)http://pul/publisher/63163 LEADER 01646namaa2200385 i 4500 001 000000177823 003 CaOOAMICUS 005 20250604124651.0 007 tu 008 250604s2015 it o 000 u ita r 020 $a978-88-548-8844-9* 040 $aPUL$bita$erda 082 0 $a232 100 1 $aGaburro, Sergio,$csacerdote,$d1957-,$eautore.$0(OLS)http://pul/name/64038 245 13$aIl Crocifisso sorridente :$bper una teologia ermeneutica del paradosso /$cSergio Gaburro ; prefazione di Elmar Salmann. 250 $a1.edizione ottobre 2015. 264 4$c©2015. 264 1$aAriccia :$bAracne,$c[2015] 300 $a228 pagine :$bfotografie ;$c24 cm 336 $atesto$btxt$2rdacontent 337 $asenza mediazione$bn$2rdamedia 338 $avolume$bnc$2rdacarrier 490 1 $aSelecta ;$v1 504 $aBibliografia in nota a pič pagina. 700 1 $aSalmann, Elmar,$cO.S.B,$d1948-,$eautore di introduzione.$0(OLS)http://pul/name/34390 830 0$aSelecta (Aracne)$pStudi filosofico-teologici ;$v1.$0(OLS)http://pul/title/200195 850 $aPUL 852 $aPUL$W1$xSL Religione 3$y85$m232 GABSE 1$j201742$qDDC 21$B206797$CPULBib$Z2$F206797 $H137925 $82 941 1 $a9 996 $6020$a978-88-548-8844-9*$9(OLS)http://pul/number/170410 996 $6082$a232$9(OLS)http://pul/classification/381 996 $6245$aIl Crocifisso sorridente :$bper una teologia ermeneutica del paradosso$9(OLS)http://pul/title/219375 996 $6264$aAriccia :$bAracne$9(OLS)http://pul/publisher/87663 996 $6264$a[S.l.] :$b[s.n.]$9(OLS)http://pul/publisher/0